000 01951nam a22002177a 4500
999 _c63031
_d63031
003 Ge_BSU
005 20250514165644.0
008 250514s2012 ge ||||| |||| 00| 0 geo d
020 _a999286303X
041 _ageo
080 _a615.2 თ-87
100 _aთურმანაული, გივი.
_9616
245 _aსასწრაფო და გადაუდებელი თერაპიის სამედიცინო დახმარების პრეპარატების პრაქტიკული გამოყენების სახელმძღვანელო : პრეკლინიკურ-ექსტრემულ ეტაპზე ბინის, ქუჩის, ავარიის, მიწისძვრის და სხვა კრიტიკულ სიტუაციებში /
_bკლინიკურ-სტაციონარულ სიტუაციებში (სწრაფი დიაგნოსტიკა ორგანოების ფუნქციური სტატუსის შეფასებით და რაციონალური ფარმაკოთერაპიით) /
_cგივი თურმანაული; [რედ. მანანა გოგოლაური].
264 _a[თბ.] :
_b"ცის ნამის" გმა-ბა და სტ.,
_c2012.
300 _a334 გვ. :
_bსურ., ცხრ. ;
_c20 სმ.
500 _aპრეპარატების საძიებელი: გვ. 328-330.
653 _aსამედიცინო პრეპარატების გამოყენება
653 _aგადაუდებელი სამედიცინო დახმარება
700 _aგოგოლაური, მანანა,
_eრედატორი
_96289
942 _2udc
_cᲬᲘᲒᲜᲘ